000 00999nam a22003377a 4500
001 BR7400378
003 BR-BrBNA
005 20230928084511.0
007 ta
008 230509b bl.||||| |||| 00| 0 por d
040 _aBR-BrBNA
_bpor
_cBiblioteca Nacional de Agricultura
041 _a(Por)
072 _aF00; E15
_b0230
_b9320
_b/G514
090 _ 0230 BR7400378
100 1 _aAzzi, G.M.
110 1 _aInstituto do Acucar e do Alcool, Rio de Janeiro, GB (Brasil)
_96295
245 1 _aEstudo da situacao agroindustrial e economico-financeira das usinas de acucar do Estado de Mato Grosso. Levantamento do problema agricola [Brasil]
260 3 _aRio de Janeiro, GB (Brasil):
_c1961.
300 _a42 p.
500 _a5 ref.
650 _aCANA DE ACUCAR
650 _aUSINA
650 _aACUCAR
650 _aMATO GROSSO
650 _aCLIMA
650 _aSOLO
650 _aMAO-DE-OBRA
650 _aCUSTO DE PRODUCAO
909 _a202309
_bLucia
_c55
_dLucia Elande
942 _cBK
999 _c19377
_d19377